Tilastot visalle Formula 1: kauden 2023 osakilpailut

Klikkaa tästä pelataksesi tätä visaa!

Yleistilastot

  • Tätä visaa on pelattu 67 kertaa
  • Keskiarvotulos 18 / 22

Vastaustilastot

Kilpailun virallinen nimi
(* = nimi poistettu)
Maa% Oikein
Pirelli Gran Premio d’*Italia
93%
STC * Grand PrixSaudi-Arabia
91%
Gulf Air * Grand PrixBahrain
89%
AWS Gran Premio de *Espanja
89%
Lenovo * Grand PrixJapani
87%
Lenovo * Grand PrixYhdysvallat
(Austin, Texas)
87%
Rolex * Grand PrixAustralia
85%
Rolex Grande Prêmio de *Brasilia
84%
* Airways * Grand PrixQatar
84%
Heineken Silver * Grand PrixYhdysvallat
(Las Vegas, Nevada)
84%
MSC Cruises * Grand PrixBelgia
82%
Grand Prix de *Monaco
82%
Crypto.com * Grand PrixYhdysvallat
(Miami, Florida)
82%
Aramco * Grand PrixIso-Britannia
80%
Gran Premio de la Ciudad de *Meksiko
80%
Heineken * Grand PrixAlankomaat
78%
Pirelli Grand Prix du *Kanada
78%
Etihad Airways * Grand PrixYhdistyneet arabiemiirikunnat
78%
* Airlines * Grand PrixSingapore
73%
Rolex Grosser Preis von *Itävalta
69%
Qatar Airways * Grand PrixUnkari
69%
* Grand PrixAzerbaidžan
55%

Tulosjakauma

Persentiili vastausten määrän mukaan

Jokaisen tuloksen saaneiden osuus

Tuloshistoriasi

Et ole pelannut tätä visaa